000 00783nam a22002537a 4500
003 UA-OsUOA
001 21763
007 ta
008 20031213b un ||||| |||| 00| 0 ukr d
100 _aЄжова Л. Ф.
090 _a004.421(075)
_bЄ41
942 _cBK
040 _aUA-OsUOA
_bukr
_cUA-OsUOA
_dUA-OsUOA
245 _aАлгоритмізація і програмування процедур обробки інформації
_bнавчально-методичний посібник для самостійного вивчення дисципліни
300 _a152 с.
955 _a0
041 _aukr
080 _a004.421(075)
020 _a966-574-133-0
260 _aКиїв
_bКНЕУ
_c2000
044 _aUA
650 7 _2UDC
999 _c307970
_d307970